Un compte à rebours difficile #6 - Statistiques

Statistiques générales
  • Ce quiz a été pris 85 fois
  • Le résultat moyen est 8 sur 11
Statistiques - réponses
# % Correct
91
100%
82
93%
73
88%
64
82%
55
76%
46
72%
37
67%
28
64%
19
57%
10
42%
1
30%
Aucun quiz correspondant
Distribution des résultats
% des personnes avec chaque résultat
Percentile par nombre de réponses
Votre historique - résultats
Vous n’avez pas pris ce quiz